Vidin - Choix multiples - Statistiques

Statistiques générales
  • Ce quiz a été pris 6 fois
  • Le résultat moyen est 6 sur 10
Statistiques - réponses
Question Réponse % Correct
Aux mains de qui Vidin fut-elle la dernière ville bulgare chrétienne à tomber, en 1396 ? De l'Empire ottoman
100%
Que Vidin accueillit-elle de 1944 à 1991 ? Une base fluviale soviétique
83%
Quel nom portait la ville lors de sa période romaine ? Bononia
67%
Où en Bulgarie Vidin se situe-t-elle ? Dans le coin Nord-Ouest, près de la Serbie
67%
Quel cours d'eau constitue la frontière Est de la ville ? Le Danube
67%
Laquelle de ces portes est la Stambul kapı des remparts de Vidin ?
50%
Quel nom évoquant une grand-mère porte la forteresse de Vidin érigée sur les rives du fleuve, au Xe siècle ? Baba Vida
50%
Qui le despote Shishman de Vidin accueillit-il dans sa ville de 1301 à 1325 ? 3 000 cavaliers mongols et un descendant de Gengis Khan
33%
Quelle est la particularité du pont de Vidin-Calafat ? Il est l'un des deux seuls ponts entre la Roumanie et la Bulgarie.
33%
Où le Musée d'Histoire de Vidin se trouve-t-il ? Dans une habitation ottomane traditionnelle
17%
Aucun quiz correspondant
Distribution des résultats
% des personnes avec chaque résultat
Percentile par nombre de réponses
Votre historique - résultats
Vous n’avez pas pris ce quiz